| 000 | 01296nam a22002777a 4500 | ||
|---|---|---|---|
| 003 | OSt | ||
| 005 | 20250702101357.0 | ||
| 008 | 200211s2016 ck ||||er|||| 00| p spa d | ||
| 020 | _a9789587724622 | ||
| 040 |
_aCO-JMCR _cCO-JMCR |
||
| 041 | 0 | _aspa | |
| 082 |
_aA-P _bMUNd |
||
| 100 | 1 |
_aMunárriz, Jesús, _eautor _9380 |
|
| 245 | 1 | 0 |
_aDe acá y de allá : _bantología / _cJesús Munárriz |
| 250 | _aPrimera edición | ||
| 260 |
_aBogotá : _bUniversidad Externado de Colombia, _c2016 |
||
| 300 |
_a71 páginas ; _c15 cm. |
||
| 490 | 0 |
_aUn libro por centavo ; _vN° 122 |
|
| 500 | _aIncluye datos biográficos del autor. | ||
| 520 | _aQuizás no sea posible explicar, dentro de su generación, el itinerario de Jesús Munárriz, sus miradas a lo real, su trazado a lo irónico de escenas contemporáneas, la cotidianeidad de sus confesiones amorosas, su gusto por algunas estructuras brechtianas, sin recordar al joven que esgrimió una guitarra para criticar no solo la mezquina política de la dictadura, sino también sus convenciones sociales y la acartonada hipocresía de sus costumbres. | ||
| 650 | 1 | 4 |
_aPoesía española _9381 |
| 650 | 1 | 4 |
_aMente y cuerpo _xpoesías _9382 |
| 650 | 1 | 4 |
_xpoesías _9383 |
| 650 | 1 | 4 |
_aBelleza personal _xpoesías _9384 |
| 942 |
_2ddc _cBK |
||
| 999 |
_c6477 _d6477 |
||